000
00247nam a22001217a 4500
040
_c
0
082
_a
297
_b
H344 W
100
_a
Dr. Farhat Hashmi
_9
130456
245
_a
Wa Ehya qa Nastaeen
260
_c
2012
300
_a
70p.
942
_2
ddc
_c
BK
999
_c
614639
_d
614639